| 000 | 00713nas a2200241 i 4500 | ||
|---|---|---|---|
| 001 | 54 | ||
| 003 | ES-MaACL | ||
| 005 | 20250217133600.0 | ||
| 007 | t| | ||
| 008 | 950801d19321989it m| | 1 ||ta d | ||
| 080 | _a621 | ||
| 245 | 0 | 0 |
_aAlta frequenza _b: rivista di radiotecnia, telefonia e acustica applicata. |
| 260 |
_aMilano : _bAssociazione Elettrotecnica Italiana, _c1932-1989. |
||
| 300 |
_a1 v. : _bgrab ; _c24 cm. |
||
| 310 | _aBimestral | ||
| 362 | 0 | _aV. I [1932]-(1989) | |
| 650 | 0 | 4 |
_aTelecomunicaciones. _917425 |
| 700 | 1 |
_aVallauri, G., _edir. _9227351 |
|
| 710 | 2 |
_aAssociazione Elettrotecnica Italiana. _91833 |
|
| 852 |
_aES-MaACL _jHem-418 |
||
| 866 | 0 | _o1947,1950. | |
| 999 |
_c54 _d54 |
||